Overovanie stratégií riadenia PVS pomocou simulácie : Diplomová práca

Enregistré dans:
Détails bibliographiques
Auteur principal: Niedl, Juraj (Auteur)
Autres auteurs: Važan, Pavel (xxx)
Format: Manuscrit Livre
Langue:slovaque
Publié: Trnava : STU v Bratislave MtF KAIA, 2000
Sujets:
Tags: Ajouter un tag
Pas de tags, Soyez le premier à ajouter un tag!

MARC

LEADER 00000ntm a22000003a 4500
001 stu78221
005 20160719155003.6
008 021129s2000----xo------------------slo-d
040 |a STU  |b slo 
041 0 |a slo 
044 |a xo 
100 1 |a Niedl, Juraj  |4 aut 
245 1 |a Overovanie stratégií riadenia PVS pomocou simulácie :  |b Diplomová práca 
260 |a Trnava :  |b STU v Bratislave MtF KAIA,  |c 2000 
300 |a 67 s  |c abstr. 
650 7 |a stratégie riadenia  |2 stusub 
650 7 |a pružné výrobné systémy  |2 stusub 
650 7 |a Aplikovaná informatika  |2 stusub 
700 1 |a Važan, Pavel  |4 xxx